Vzťah medzi motiváciou a výkonom pracovníkov

Motivačný štýl riadenia a vedenia zamestnancov. Procesy motivácie a stimulácie zamestnancov. Množstvo kvality práce v konkrétnych pracovných podmienkach za určitú časovú jednotku. Pracovný výkon zamestnanca.

Salvato in:
Dettagli Bibliografici
Autore principale: Nemečková, Soňa
Natura: Capitolo di libro
Lingua:slovacco
Soggetti:
Tags: Aggiungi Tag
Nessun Tag, puoi essere il primo ad aggiungerne!!

MARC

LEADER 00000nla$a2200000$$$4500
001 0124678
005 20240502072418.5
041 0 |a slo 
044 |a SK 
245 1 0 |a Vzťah medzi motiváciou a výkonom pracovníkov  |c Soňa Nemečková 
520 |a Motivačný štýl riadenia a vedenia zamestnancov. Procesy motivácie a stimulácie zamestnancov. Množstvo kvality práce v konkrétnych pracovných podmienkach za určitú časovú jednotku. Pracovný výkon zamestnanca. 
610 2 0 |a manažment 
610 2 0 |a riadenie personálne 
610 2 0 |a vedenie ľudí 
610 2 0 |a podnety k práci 
610 2 0 |a stimuly hmotné 
610 2 0 |a stimuly pracovné 
610 2 0 |a motivácia pracovná 
610 2 0 |a výkony pracovné 
610 2 0 |a úspech pracovný 
610 2 0 |a zamestnanci 
100 1 |a Nemečková, Soňa